[Event "European Blitz 2017"]
[Site "Katowice POL"]
[Date "2017.12.15"]
[Round "19.24"]
[White "Kuzmicz, Krystian"]
[Black "Demidov, Mikhail"]
[Result "0-1"]
[WhiteTitle "IM"]
[BlackTitle "IM"]
[WhiteElo "2460"]
[BlackElo "2523"]
[WhiteFideId "1119125"]
[BlackFideId "4197143"]
[EventDate "2017.12.15"]
[EventType "blitz"]

1. e4 e6 2. d4 d5 3. Bd3 c5 4. exd5 exd5 5. Nf3 c4 6. Be2 Bd6 7. O-O Ne7 8. Bg5
O-O 9. Nc3 f6 10. Bh4 Nbc6 11. Bg3 Be6 12. Re1 Bf7 13. b3 Bb4 14. Qd2 Qa5 0-1

[Event "European Blitz 2017"]
[Site "Katowice POL"]
[Date "2017.12.15"]
[Round "19.25"]
[White "Hracek, Zbynek"]
[Black "Costachi, Mihnea"]
[Result "1-0"]
[WhiteTitle "GM"]
[BlackTitle "IM"]
[WhiteElo "2592"]
[BlackElo "2441"]
[WhiteFideId "300071"]
[BlackFideId "1217518"]
[EventDate "2017.12.15"]
[EventType "blitz"]

1. e4 e5 2. Nf3 Nc6 3. d4 exd4 4. Nxd4 Nf6 5. Nxc6 bxc6 6. Qe2 a5 7. Nc3 Ba6 8.
Qe3 Bxf1 9. Rxf1 Qe7 10. Bd2 g6 11. O-O-O Bg7 12. e5 Nd5 13. Nxd5 cxd5 14. Bc3
c6 15. f4 O-O 16. Bd4 d6 17. exd6 Qxe3+ 18. Bxe3 Rfd8 19. Bc5 Bf8 20. c4 Bxd6
21. Bxd6 Rxd6 22. cxd5 cxd5 23. Rf2 d4 24. Kd2 d3 25. Rf3 Rb8 26. b3 Rbd8 27.
Rc1 a4 28. Rc3 axb3 29. axb3 Ra8 30. Rfxd3 Rxd3+ 31. Kxd3 Rb8 32. Kc2 Kg7 33.
Rc4 Kf6 34. b4 Ke6 35. Kb3 Kd5 36. Rc7 Ke6 37. Kc4 h5 38. b5 f6 39. Kc5 Ra8 40.
b6 Ra2 41. b7 Rc2+ 42. Kb6 Rb2+ 43. Ka7 Ra2+ 44. Kb8 Kf5 45. Kc8 Rb2 46. Rc4 Kg4
47. b8=Q Rxb8+ 48. Kxb8 1-0

[Event "European Blitz 2017"]
[Site "Katowice POL"]
[Date "2017.12.15"]
[Round "19.26"]
[White "Kantans, Toms"]
[Black "Klekowski, Maciej"]
[Result "1-0"]
[WhiteTitle "GM"]
[BlackTitle "IM"]
[WhiteElo "2484"]
[BlackElo "2498"]
[WhiteFideId "11602945"]
[BlackFideId "1132717"]
[EventDate "2017.12.15"]
[EventType "blitz"]

1. e4 c5 2. Nf3 Nc6 3. d4 cxd4 4. Nxd4 Nf6 5. Nc3 e5 6. Ndb5 d6 7. Bg5 a6 8. Na3
b5 9. Bxf6 gxf6 10. Nd5 f5 11. g3 Bg7 12. Bg2 O-O 13. exf5 Bxf5 14. Ne3 Ne7 15.
Nxf5 Nxf5 16. Bxa8 Qxa8 17. O-O Nd4 18. f3 d5 19. c3 Ne6 20. Nc2 Rd8 21. a4 Qb7
22. Qe2 e4 23. axb5 axb5 24. fxe4 dxe4 25. Rfd1 Re8 26. Ne3 b4 27. Nd5 Ng5 28.
c4 Qc8 29. Ra5 Nf3+ 30. Kg2 Qg4 31. Nf4 Bxb2 32. Qxb2 Nh4+ 33. Kf2 Qf3+ 34. Ke1
Ng6 35. Qe2 Qc3+ 36. Kf1 Nxf4 37. gxf4 Kh8 38. Rad5 Rg8 39. Rd8 Qh3+ 40. Ke1
Qc3+ 41. Kf2 e3+ 42. Kf3 1-0

[Event "European Blitz 2017"]
[Site "Katowice POL"]
[Date "2017.12.15"]
[Round "19.27"]
[White "Trent, Lawrence"]
[Black "Kukula, Pawel"]
[Result "1-0"]
[WhiteTitle "IM"]
[WhiteElo "2436"]
[BlackElo "2181"]
[WhiteFideId "408638"]
[BlackFideId "1115081"]
[EventDate "2017.12.15"]
[EventType "blitz"]

1. e4 c5 2. b3 Nc6 3. Bb2 e5 4. Bc4 d6 5. d3 g6 6. Nc3 Bg7 7. Nge2 Nge7 8. O-O
a6 9. a4 Rb8 10. Qd2 O-O 11. f4 exf4 12. Nxf4 Ne5 13. Kh1 N7c6 14. Nfd5 Be6 15.
Rab1 Nd4 16. Ne3 b5 17. axb5 axb5 18. Bd5 Bh6 19. Qf2 b4 20. Ne2 Nxe2 21. Qxe2
Bxe3 22. Qxe3 Bxd5 23. exd5 Ng4 24. Qf4 f5 25. h3 Nf6 26. Rbe1 Nh5 27. Qf3 Qg5
28. Kg1 Rbe8 29. Re6 Rxe6 30. dxe6 Qe7 31. Re1 f4 32. d4 Ng7 33. d5 Nf5 34. Qxf4
Nd4 35. Qe4 Nf5 36. c3 bxc3 37. Bxc3 Rb8 38. Ra1 Rf8 39. Rf1 Qg5 40. g4 Qe3+ 41.
Qxe3 Nxe3 42. Re1 Nxd5 43. Bd2 Re8 44. Bg5 Nc7 45. e7 Kf7 46. Rf1+ Ke6 47. Rf6+
Kd7 48. Rf7 Nd5 49. Rxh7 Nb6 50. h4 d5 51. h5 gxh5 52. gxh5 c4 53. bxc4 dxc4 54.
Rf7 Nd5 55. h6 c3 56. h7 c2 57. Rf8 Rxe7 58. h8=Q Re1+ 59. Kf2 c1=Q 60. Bxc1
Rxc1 61. Rd8+ Ke7 62. Qf8+ Ke6 63. Qd6+ 1-0

[Event "European Blitz 2017"]
[Site "Katowice POL"]
[Date "2017.12.15"]
[Round "19.28"]
[White "Arnaudov, G. Petar"]
[Black "Castellanos Rodriguez, Renier"]
[Result "0-1"]
[WhiteTitle "GM"]
[BlackTitle "IM"]
[WhiteElo "2439"]
[BlackElo "2501"]
[WhiteFideId "2907127"]
[BlackFideId "3404650"]
[EventDate "2017.12.15"]
[EventType "blitz"]

1. Nf3 c5 2. c4 Nc6 3. Nc3 g6 4. e3 Bg7 5. d4 d6 6. Be2 Nf6 7. d5 Na5 8. O-O O-O
9. e4 e5 10. a3 b6 11. b4 Nb7 12. Ne1 Nd7 13. Qc2 f5 14. exf5 gxf5 15. f3 Nf6
16. Be3 Bd7 17. Rb1 Rc8 18. b5 Qe8 19. Kh1 Qg6 20. f4 e4 21. Nd1 Ng4 22. Bxg4
Qxg4 23. Nf2 Qg6 24. Qe2 Rce8 25. Nc2 Rf7 26. a4 Bf6 27. Bc1 Rg7 28. g3 Qh6 29.
Rg1 Bd4 30. Ne3 Qf6 31. Bb2 Na5 32. Ba1 Bxa1 33. Rxa1 Nb3 34. Rad1 Nd4 35. Qh5
Rf8 36. Rb1 Kh8 37. Qd1 Rfg8 38. Qd2 Nf3 39. Qe2 Qh6 40. Nfd1 0-1

[Event "European Blitz 2017"]
[Site "Katowice POL"]
[Date "2017.12.15"]
[Round "19.29"]
[White "Brodowski, Piotr"]
[Black "Tari, Aryan"]
[Result "0-1"]
[WhiteTitle "IM"]
[BlackTitle "GM"]
[WhiteElo "2430"]
[BlackElo "2593"]
[WhiteFideId "1124480"]
[BlackFideId "1510045"]
[EventDate "2017.12.15"]
[EventType "blitz"]

1. g3 d5 2. Bg2 g6 3. c4 dxc4 4. Nf3 Bg7 5. O-O e5 6. Na3 Nc6 7. Nxc4 e4 8. Ne1
Be6 9. Ne3 f5 10. d3 Nf6 11. Bd2 O-O 12. Bc3 Nd4 13. dxe4 Nxe4 14. Bxe4 fxe4 15.
N1g2 g5 16. Bxd4 Qxd4 17. Qc2 Qxb2 18. Qxe4 Rae8 19. Rab1 Qxe2 20. Qxb7 Qxa2 21.
Qxc7 Rxf2 22. Qc6 Ref8 23. Rbc1 Bd4 24. Rxf2 Qxf2+ 25. Kh1 Qf7 26. Qe4 Bg7 27.
h4 gxh4 28. Qxh4 a5 29. Nf4 Qb7+ 30. Neg2 Bf5 31. Re1 Qb4 32. Rd1 a4 33. Qg5 a3
34. Nh5 Qg4 35. Qxg7+ Qxg7 36. Nxg7 Kxg7 37. Ne3 Be4+ 38. Kg1 a2 39. Ra1 Bb1 40.
Nc4 Rb8 41. Nd2 Rb2 42. Nc4 Rc2 43. Na3 Rc3 44. Nb5 Rc5 45. Na3 Kf6 46. Kf2 Rc1
47. Ke3 Rc3+ 0-1

[Event "European Blitz 2017"]
[Site "Katowice POL"]
[Date "2017.12.15"]
[Round "19.30"]
[White "Bartel, Michal"]
[Black "Manik, Mikulas"]
[Result "1/2-1/2"]
[WhiteTitle "FM"]
[BlackTitle "GM"]
[WhiteElo "2360"]
[BlackElo "2415"]
[WhiteFideId "1119257"]
[BlackFideId "14900734"]
[EventDate "2017.12.15"]
[EventType "blitz"]

1. e4 c5 2. Ne2 g6 3. g3 Bg7 4. Bg2 d6 5. c3 Nf6 6. d4 O-O 7. O-O Nc6 8. h3 cxd4
9. cxd4 e5 10. Be3 exd4 11. Nxd4 d5 12. Nxc6 bxc6 13. exd5 Nxd5 14. Bd4 Ba6 15.
Re1 Bxd4 16. Qxd4 Qb6 17. Qxb6 axb6 18. a3 Rfd8 19. Nd2 Nf4 20. Ne4 Nxg2 21.
Kxg2 c5 22. Kg1 Bb7 23. Re3 Kg7 24. Rae1 h6 25. g4 Bxe4 26. Rxe4 Rd2 27. R1e2
Rad8 28. Kg2 R8d4 29. Re7 Rxe2 30. Rxe2 b5 31. Rc2 c4 32. Rc3 Kf6 33. b3 Ke5 34.
Kf3 Kd5 35. bxc4+ bxc4 36. Re3 Kc5 37. Re7 Rd3+ 38. Ke4 Rxa3 39. h4 f5+ 40. gxf5
gxf5+ 41. Kxf5 Rf3+ 42. Kg6 Rxf2 43. Kxh6 c3 44. Rc7+ Kd4 45. h5 c2 46. Kg7 Rf5
47. Rxc2 Rxh5 1/2-1/2

[Event "European Blitz 2017"]
[Site "Katowice POL"]
[Date "2017.12.15"]
[Round "19.31"]
[White "Boe, Mads"]
[Black "Zelbel, Patrick"]
[Result "1/2-1/2"]
[WhiteTitle "FM"]
[BlackTitle "IM"]
[WhiteElo "2292"]
[BlackElo "2456"]
[WhiteFideId "1401408"]
[BlackFideId "24624322"]
[EventDate "2017.12.15"]
[EventType "blitz"]

1. d4 Nf6 2. Nf3 e6 3. Bg5 c5 4. c3 Be7 5. e3 b6 6. Bd3 Bb7 7. Nbd2 d5 8. Ne5 a6
9. O-O Nfd7 10. Bxe7 Qxe7 11. f4 Nc6 12. Qh5 Nf6 13. Qh4 cxd4 14. exd4 Ne4 15.
Qe1 f5 16. Ndf3 O-O 17. Nxc6 Bxc6 18. Ne5 Be8 19. Qe2 b5 20. a3 Qh4 21. Bc2 Rf6
22. Qe1 Qh5 23. Bd1 Qh6 24. Nd3 Bh5 25. Nc5 Bxd1 26. Rxd1 Qh5 27. Rf3 Rg6 28.
Qe3 Re8 29. Nxa6 Rh6 30. h3 g5 31. fxg5 Nxg5 32. Rg3 Qxd1+ 33. Kh2 Rg6 34. Rxg5
Kf7 35. Rxg6 hxg6 36. Nc7 Re7 37. Nxb5 Qc2 38. Qe5 Qxb2 39. Nd6+ Kg8 40. Qf6 Rg7
41. Qxe6+ Kh7 42. Ne8 Qc1 43. Nxg7 Qf4+ 44. Kh1 Qf1+ 45. Kh2 Qf4+ 46. Kh1 Qf1+
47. Kh2 1/2-1/2

[Event "European Blitz 2017"]
[Site "Katowice POL"]
[Date "2017.12.15"]
[Round "19.32"]
[White "Wieczorek, Oskar"]
[Black "Dziuba, Marcin"]
[Result "0-1"]
[WhiteTitle "IM"]
[BlackTitle "GM"]
[WhiteElo "2463"]
[BlackElo "2584"]
[WhiteFideId "1133950"]
[BlackFideId "1112953"]
[EventDate "2017.12.15"]
[EventType "blitz"]

1. Nc3 c5 2. e4 d6 3. g3 g6 4. Bg2 Bg7 5. d3 Nc6 6. f4 Rb8 7. Nf3 b5 8. O-O b4
9. Nd5 e6 10. Ne3 Nge7 11. f5 exf5 12. exf5 Nxf5 13. Nxf5 Bxf5 14. Re1+ Kf8 15.
Kh1 Qd7 16. a3 bxa3 17. Rxa3 h6 18. Nh4 Be6 19. Qf3 Nd4 20. Qf2 Kg8 21. c3 Nf5
22. Nxf5 Bxf5 23. Bd5 Kh7 24. Bf4 Rhe8 25. Raa1 Bxd3 26. h4 h5 27. Bg5 Bf5 28.
Bf4 Rxe1+ 29. Rxe1 Re8 30. Rd1 Be5 31. Bg2 Qe7 32. Re1 Qf6 33. Bg5 Qe6 34. Bc6
Rb8 35. Bf3 Qb3 36. Re2 Qd1+ 37. Kg2 Qd3 38. Rd2 Qb1 39. Bd5 Kg7 40. Re2 a5 41.
Qe3 Rxb2 42. Bh6+ Kh7 43. Rxb2 Qxb2+ 44. Kg1 Qxc3 0-1

[Event "European Blitz 2017"]
[Site "Katowice POL"]
[Date "2017.12.15"]
[Round "19.33"]
[White "Tomczak, Mikolaj"]
[Black "Zelcic, Robert"]
[Result "1-0"]
[WhiteTitle "FM"]
[BlackTitle "GM"]
[WhiteElo "2372"]
[BlackElo "2501"]
[WhiteFideId "1175114"]
[BlackFideId "14500310"]
[EventDate "2017.12.15"]
[EventType "blitz"]

1. d4 Nf6 2. c4 e6 3. Nc3 Bb4 4. Qc2 d5 5. a3 Bxc3+ 6. Qxc3 O-O 7. Bg5 dxc4 8.
Qxc4 b6 9. Nf3 Ba6 10. Qa4 c5 11. dxc5 bxc5 12. Rd1 Qe7 13. g3 h6 14. Bd2 Qb7
15. Bc3 Ne4 16. Bg2 Nxc3 17. bxc3 Bb5 18. Qc2 Bc6 19. O-O Be4 20. Qa4 Bc6 21.
Qc2 Nd7 22. Nh4 Bxg2 23. Nxg2 Ne5 24. Ne3 Rfd8 25. h4 Rab8 26. Rxd8+ Rxd8 27.
Rb1 Qc6 28. Qb3 Rd7 29. Qb8+ Kh7 30. Qxe5 1-0

[Event "European Blitz 2017"]
[Site "Katowice POL"]
[Date "2017.12.15"]
[Round "19.34"]
[White "Saric, Ante"]
[Black "Horton, Andrew P"]
[Result "1-0"]
[WhiteTitle "GM"]
[BlackTitle "FM"]
[WhiteElo "2540"]
[BlackElo "2397"]
[WhiteFideId "14506254"]
[BlackFideId "424269"]
[EventDate "2017.12.15"]
[EventType "blitz"]

1. Nf3 c5 2. c4 g6 3. d4 cxd4 4. Nxd4 Bg7 5. e4 Nc6 6. Be3 d6 7. Nc3 Nf6 8. Be2
O-O 9. O-O Nxd4 10. Bxd4 a6 11. Qd2 Be6 12. Rfd1 Re8 13. Rac1 Qa5 14. Bxf6 Bxf6
15. Nd5 Qxd2 16. Nxf6+ exf6 17. Rxd2 Red8 18. Rcd1 Rac8 19. b3 Rc6 20. f4 Re8
21. Bf3 Rc7 22. Rxd6 Kg7 23. Rb6 Ree7 24. Kf2 Bd7 25. e5 Be6 26. exf6+ Kxf6 27.
g4 Kg7 28. Re1 Red7 29. Rd1 Rxd1 30. Bxd1 Kf8 31. Bf3 Bc8 32. Rd6 Ke7 33. Rd4
Bd7 34. g5 Bc6 35. Bg4 Ke8 36. f5 gxf5 37. Bxf5 f6 38. gxf6 Rf7 39. Kg3 Rxf6 40.
Rf4 Rf7 41. Bg4 Rg7 42. Kh4 Ke7 43. h3 Kd6 44. b4 Ke5 45. Rf5+ Kd4 46. b5 Be4
47. Rf4 Ke5 48. Rf2 Bd3 49. bxa6 bxa6 50. c5 Bb5 51. Rc2 Kd4 52. c6 Rc7 53. Bd7
Kd3 54. Rc1 Bc4 55. a3 Bd5 56. Kg5 Be4 57. Kf6 Kd2 58. Rc5 Kd3 59. Ke5 Bg2 60.
Kd6 Ra7 61. c7 Bb7 62. Rc1 a5 63. Rb1 Ra6+ 64. Ke7 Ra7 65. Rxb7 1-0

[Event "European Blitz 2017"]
[Site "Katowice POL"]
[Date "2017.12.15"]
[Round "19.35"]
[White "Zwardon, Vojtech"]
[Black "Krause, Jonah"]
[Result "0-1"]
[WhiteTitle "IM"]
[BlackTitle "FM"]
[WhiteElo "2408"]
[BlackElo "2368"]
[WhiteFideId "325511"]
[BlackFideId "12907910"]
[EventDate "2017.12.15"]
[EventType "blitz"]

1. c4 g6 2. g3 Bg7 3. Bg2 Nf6 4. Nc3 O-O 5. d3 d6 6. Bg5 c5 7. Qd2 Nc6 8. Bh6
Bd7 9. h4 Bxh6 10. Qxh6 Ng4 11. Qd2 h5 12. Nf3 Kg7 13. e3 Rb8 14. d4 Nf6 15. O-O
a6 16. Rfd1 Bg4 17. Qc2 Qa5 18. Nd5 cxd4 19. Nxf6 exf6 20. exd4 Rbc8 21. a3 Rfe8
22. b4 Qd8 23. Qc3 Re2 24. Re1 Rxe1+ 25. Rxe1 Qd7 26. Qe3 d5 27. c5 Rd8 28. Nh2
Be6 29. Qd2 Ne7 30. Nf1 Qb5 31. Ne3 Qa4 32. Qc3 Nc6 33. Rb1 Na7 34. Bf1 Nb5 35.
Bxb5 Qxb5 36. Qb3 Qe2 37. a4 Qf3 38. Ng2 Qe4 39. Rd1 Bg4 40. Re1 Qxd4 41. Ne3
Be6 42. Rc1 Qe4 43. Qc2 Qe5 44. b5 axb5 45. axb5 d4 46. Ng2 d3 47. Qd2 Rc8 48.
Qe3 Qxe3 49. Nxe3 d2 50. Rc3 Bg4 51. Rd3 Rxc5 52. Rxd2 Rxb5 53. Nxg4 hxg4 54.
Rd4 f5 55. Rd7 Rb1+ 56. Kg2 b5 57. Rb7 b4 58. Rb6 b3 59. Rb5 b2 60. Rb6 Kf8 61.
Rb7 Ke8 62. Kh2 Kd8 63. Kg2 Kc8 64. Rb3 Kc7 65. Rb4 Kc6 66. Rb8 Kd7 67. Rb3 f6
68. Rb6 Ke7 69. Rb7+ Kf8 70. Kh2 g5 71. h5 Kg8 72. h6 f4 73. Kg2 Kh8 74. Kh2 f5
75. Kg2 Kg8 76. Kh2 fxg3+ 77. fxg3 Kh8 78. Kg2 f4 79. Kh2 f3 80. Rh7+ Kg8 81.
Rg7+ Kf8 82. Rb7 f2 83. h7 Rh1+ 84. Kxh1 f1=Q+ 85. Kh2 Qf2+ 86. Kh1 Qf3+ 87. Kh2
Qe2+ 88. Kh1 Qd1+ 89. Kh2 Qc2+ 90. Kg1 b1=R+ 0-1

[Event "European Blitz 2017"]
[Site "Katowice POL"]
[Date "2017.12.15"]
[Round "19.36"]
[White "Chigaev, Maksim"]
[Black "Lubczynski, Rafal"]
[Result "0-1"]
[WhiteTitle "GM"]
[BlackTitle "IM"]
[WhiteElo "2555"]
[BlackElo "2429"]
[WhiteFideId "4108116"]
[BlackFideId "1126091"]
[EventDate "2017.12.15"]
[EventType "blitz"]

1. e4 d6 2. d4 Nf6 3. f3 e5 4. dxe5 dxe5 5. Qxd8+ Kxd8 6. Bc4 Be6 7. Bxe6 fxe6
8. Be3 Bd6 9. Ne2 Nc6 10. Nd2 Ke7 11. Nc1 Nb4 12. Kd1 Rhd8 13. a3 Nc6 14. Nd3 b5
15. Ke2 h6 16. c3 Nd7 17. Rhc1 Nb6 18. c4 bxc4 19. Nxc4 Nxc4 20. Rxc4 Na5 21.
Rc3 Rdb8 22. b4 Nb7 23. Rac1 Nd8 24. Rxc7+ Bxc7 25. Rxc7+ Kf6 26. Bc5 Nf7 27.
Bxa7 Rc8 28. Rxc8 Rxc8 29. Bc5 Ra8 30. b5 Ra5 31. b6 Nd8 32. Bb4 Rb5 33. Nc5 Nc6
34. Nd7+ Kf7 35. Bd6 Ke8 36. Nf8 Rxb6 37. Nxe6 Kd7 38. Bc5 Rb2+ 0-1

[Event "European Blitz 2017"]
[Site "Katowice POL"]
[Date "2017.12.15"]
[Round "19.37"]
[White "Kovalev, Denis"]
[Black "Janik, Igor"]
[Result "0-1"]
[WhiteTitle "IM"]
[BlackTitle "FM"]
[WhiteElo "2504"]
[BlackElo "2413"]
[WhiteFideId "14104059"]
[BlackFideId "1159259"]
[EventDate "2017.12.15"]
[EventType "blitz"]

1. Nf3 g6 2. g3 Bg7 3. Bg2 Nf6 4. O-O O-O 5. c4 d5 6. cxd5 Nxd5 7. e4 Nb6 8. d4
Bg4 9. d5 c6 10. h3 Bxf3 11. Bxf3 Na6 12. dxc6 bxc6 13. Qe2 Nc5 14. Nc3 e5 15.
Rd1 Qe7 16. Be3 Ne6 17. Qc2 Nc4 18. Bc1 Nd4 19. Qd3 Nb6 20. Ne2 c5 21. Nxd4 exd4
22. b3 Rac8 23. Ba3 Rc7 24. Rac1 h5 25. Rc2 h4 26. Bg2 hxg3 27. Qxg3 Nd7 28. f4
Nf6 29. e5 Nh5 30. Qg4 Rd8 31. Rf2 Qe8 32. Be4 f5 33. exf6 Qxe4 34. fxg7 Nf6 35.
Qg5 Kxg7 36. Bxc5 Rd5 0-1

[Event "European Blitz 2017"]
[Site "Katowice POL"]
[Date "2017.12.15"]
[Round "19.38"]
[White "Reichmann, Hendrik"]
[Black "Meskovs, Nikita"]
[Result "0-1"]
[WhiteTitle "FM"]
[BlackTitle "GM"]
[WhiteElo "2337"]
[BlackElo "2538"]
[WhiteFideId "4647823"]
[BlackFideId "11602740"]
[EventDate "2017.12.15"]
[EventType "blitz"]

1. d4 Nf6 2. Bf4 g6 3. e3 Bg7 4. h4 d6 5. Be2 h6 6. Nc3 Nbd7 7. Nf3 c6 8. e4 b5
9. a3 Nb6 10. e5 Nfd5 11. Nxd5 Nxd5 12. Bg3 O-O 13. Qd2 Bg4 14. Bf4 Nxf4 15.
Qxf4 Bxf3 16. Bxf3 dxe5 17. dxe5 Qc7 18. O-O-O Bxe5 19. Qg4 Rad8 20. h5 g5 21.
Qe4 c5 22. g3 Bd4 23. Qe2 b4 24. a4 Rd6 25. b3 Re6 26. Qf1 Qe5 27. Re1 Qf6 28.
Rxe6 fxe6 29. Bg4 Bb2+ 30. Kb1 Ba3 0-1

[Event "European Blitz 2017"]
[Site "Katowice POL"]
[Date "2017.12.15"]
[Round "19.39"]
[White "De Filomeno, Simone"]
[Black "Tregubov, Pavel V."]
[Result "1-0"]
[WhiteTitle "IM"]
[BlackTitle "GM"]
[WhiteElo "2429"]
[BlackElo "2575"]
[WhiteFideId "828688"]
[BlackFideId "4115341"]
[EventDate "2017.12.15"]
[EventType "blitz"]

1. d4 Nf6 2. Nf3 c5 3. c4 cxd4 4. Nxd4 a6 5. Nc3 d5 6. cxd5 Nxd5 7. Nb3 Nxc3 8.
Qxd8+ Kxd8 9. bxc3 Nc6 10. g3 Kc7 11. Bg2 e5 12. Be3 Be7 13. O-O Bf5 14. Nc5 b6
15. Nd3 f6 16. Nb4 Nxb4 17. cxb4 Rac8 18. Rac1+ Kb8 19. Bxb6 Bxb4 20. e4 Rxc1
21. Rxc1 Be6 22. Rb1 Rc8 23. Rxb4 Rc1+ 24. Bf1 Kc8 25. Kg2 Bxa2 26. Bxa6+ Kd7
27. Be3 Rc2 28. Rb7+ Kd6 29. Rxg7 Rc6 30. Bb7 Rc4 31. Rxh7 Bb1 32. Rf7 1-0

[Event "European Blitz 2017"]
[Site "Katowice POL"]
[Date "2017.12.15"]
[Round "19.40"]
[White "Piesik, Piotr"]
[Black "Ladva, Ottomar"]
[Result "0-1"]
[WhiteTitle "FM"]
[BlackTitle "GM"]
[WhiteElo "2374"]
[BlackElo "2522"]
[WhiteFideId "1136194"]
[BlackFideId "4500024"]
[EventDate "2017.12.15"]
[EventType "blitz"]

1. Nf3 d5 2. g3 g6 3. Bg2 Bg7 4. O-O e5 5. d3 Ne7 6. e4 Nbc6 7. Nc3 dxe4 8. dxe4
Qxd1 9. Rxd1 Bg4 10. Be3 a6 11. h3 Bxf3 12. Bxf3 Nd4 13. Bxd4 exd4 14. Ne2 c5
15. Bg2 Rd8 16. f4 O-O 17. e5 b5 18. a4 Nf5 19. axb5 axb5 20. b3 Ne3 21. Rd2 f6
22. exf6 Bxf6 23. Ra5 c4 24. Rxb5 c3 25. Rd3 Nxc2 26. Kf2 Ne3 27. Rc5 Rc8 28.
Rxc8 Rxc8 29. Be4 c2 30. Nc1 Nd1+ 31. Ke1 Re8 32. Kd2 Rxe4 33. Kxc2 Ne3+ 34. Kb2
Be7 35. Rd2 Nf5 36. g4 Ne3 37. Nd3 Bd6 38. Re2 Nd1+ 0-1

[Event "European Blitz 2017"]
[Site "Katowice POL"]
[Date "2017.12.15"]
[Round "19.41"]
[White "Feuerstack, Aljoscha"]
[Black "Gazik, Viktor"]
[Result "0-1"]
[WhiteTitle "IM"]
[BlackTitle "IM"]
[WhiteElo "2438"]
[BlackElo "2479"]
[WhiteFideId "4681932"]
[BlackFideId "14928752"]
[EventDate "2017.12.15"]
[EventType "blitz"]

1. e4 c5 2. c3 d6 3. d4 Nf6 4. Bd3 g6 5. Nf3 Bg7 6. h3 O-O 7. O-O b6 8. Re1 Bb7
9. Bf4 cxd4 10. cxd4 Nc6 11. Nc3 Nd7 12. Be3 e5 13. d5 Nd4 14. Bxd4 exd4 15. Nb5
Ne5 16. Nfxd4 a6 17. Nc3 Rc8 18. Bf1 b5 19. Qb3 Qb6 20. Rad1 Nd3 21. Rxd3 Bxd4
22. Nd1 f5 23. Qb4 Rc4 24. Qd2 fxe4 25. Rg3 Rc7 26. Rxe4 Be5 27. Rd3 Qc5 28. Ne3
h5 29. b4 Qb6 30. Nd1 Bc8 31. Qg5 Bf5 32. Ree3 Bf6 33. Qh6 Bg7 34. Qg5 Rc1 35.
Kh2 Bxd3 36. Rxd3 Rf6 37. Be2 Rc2 38. Bf3 Qc7 39. Ne3 Rc1 40. Rd2 Qf7 41. Re2
Rxf3 42. gxf3 Qxf3 43. Ng2 Qxe2 44. Qxg6 Qe5+ 45. f4 Qe7 46. Qxh5 Rc2 47. Qg4
Qe4 48. h4 Qxd5 49. Kh3 Rc3+ 50. Kh2 Qf7 51. h5 Kh7 52. Qg5 Qf6 53. Qg4 Rc4 54.
a3 Bh6 55. Qf3 Bxf4+ 56. Kh1 Rc1+ 0-1

[Event "European Blitz 2017"]
[Site "Katowice POL"]
[Date "2017.12.15"]
[Round "19.42"]
[White "Sakalauskas, Vaidas"]
[Black "Pena Gomez, Manuel"]
[Result "1-0"]
[WhiteTitle "IM"]
[BlackTitle "IM"]
[WhiteElo "2351"]
[BlackElo "2491"]
[WhiteFideId "12800457"]
[BlackFideId "2252813"]
[EventDate "2017.12.15"]
[EventType "blitz"]

1. d4 Nf6 2. c4 c5 3. d5 e6 4. Nc3 exd5 5. cxd5 d6 6. e4 g6 7. h3 Bg7 8. Nf3 O-O
9. Bd3 a6 10. a4 Nbd7 11. O-O Re8 12. Bf4 Bf8 13. Re1 Rb8 14. a5 b5 15. axb6
Rxb6 16. Ra2 Bb7 17. Nd2 Rb4 18. Nc4 Nb6 19. Na5 Ba8 20. Bd2 Rd4 21. Qc2 Nh5 22.
Ne2 Rdxe4 23. Bxe4 Rxe4 24. Qxe4 Bxd5 25. Qb1 Bxa2 26. Qxa2 Qf6 27. Bc3 Qf5 28.
Nc4 Nd5 29. Qxa6 Nhf4 30. Nxf4 Nxf4 31. Qc6 Qg5 32. Qf3 d5 33. Re5 Qf6 34. Rxd5
Nxh3+ 35. Qxh3 1-0

[Event "European Blitz 2017"]
[Site "Katowice POL"]
[Date "2017.12.15"]
[Round "19.43"]
[White "Chernyak, Viktoria"]
[Black "Berchtenbreiter, Maximilian"]
[Result "0-1"]
[WhiteTitle "WFM"]
[BlackTitle "IM"]
[WhiteElo "2196"]
[BlackElo "2387"]
[WhiteFideId "24165956"]
[BlackFideId "24641120"]
[EventDate "2017.12.15"]
[EventType "blitz"]

1. Nf3 Nf6 2. c4 c6 3. g3 d5 4. b3 a5 5. Bg2 a4 6. Bb2 Bf5 7. O-O e6 8. d3 Nbd7
9. cxd5 exd5 10. Nbd2 Be7 11. Nd4 Bg6 12. e4 O-O 13. Qe2 Re8 14. f4 Bb4 15. e5
a3 16. Bxa3 Bxa3 17. N2f3 Nc5 18. Rad1 Qb6 19. Kh1 Bh5 20. h3 Bxf3 21. Rxf3 Ncd7
22. Nf5 Bf8 23. g4 g6 24. Ng3 d4 25. Rff1 Nd5 26. Bxd5 cxd5 27. h4 Qd8 28. h5 g5
29. Qf2 gxf4 30. Qxf4 Nxe5 31. Nf5 Kh8 32. Qxd4 Rxa2 33. Rc1 Bg7 34. h6 Bxh6 0-1

[Event "European Blitz 2017"]
[Site "Katowice POL"]
[Date "2017.12.15"]
[Round "19.44"]
[White "Kowalczyk, Rafal"]
[Black "Kourousis, Epaminondas"]
[Result "0-1"]
[BlackTitle "IM"]
[WhiteElo "2223"]
[BlackElo "2393"]
[WhiteFideId "1133853"]
[BlackFideId "4211626"]
[EventDate "2017.12.15"]
[EventType "swiss"]

1. e4 c5 2. c3 Nf6 3. e5 Nd5 4. d4 cxd4 5. Nf3 d6 6. cxd4 e6 7. Nc3 Nxc3 8. bxc3
Nc6 9. exd6 Qxd6 10. Bd3 Be7 11. O-O O-O 12. Re1 b6 13. Ng5 h6 14. Ne4 Qd5 15.
Rb1 f5 16. Ng3 Na5 17. Qh5 Bb7 18. f3 f4 19. Qg6 fxg3 20. Qh7+ Kf7 21. Qg6+ Kg8
22. Bxh6 gxh2+ 23. Kh1 Bf6 24. Qh7+ Kf7 25. Qg6+ Ke7 26. Bxg7 Qg5 27. Bxf6+ Qxf6
28. Qh7+ Rf7 29. Qh5 Rg8 30. c4 Rg5 31. Qh3 Rfg7 32. Re2 Nc6 33. d5 Nd4 34. Rf2
Nf5 35. Bxf5 Qxf5 36. Qxf5 exf5 37. Re1+ Kd6 38. Kxh2 Kc5 39. Rc2 f4 40. Re4 Rf5
41. Kg1 Rgg5 42. Kf2 Rf7 43. Re6 Rg8 44. a3 Ba6 45. Re4 Bb7 46. Re6 Rgf8 47. Ke1
Rf6 48. Re7 R8f7 49. Re8 Kd6 50. Rce2 Ba6 51. Rc2 Re7+ 52. Rxe7 Kxe7 53. Kd2 Kd6
54. Kd3 Kc5 55. Re2 Bxc4+ 0-1